Champions League Finals Since 1980 - Statistics

General Stats
  • This quiz has been taken 2 times
  • The average score is 25 of 46
Answer Stats
Year Answer % Correct
2009 Barcelona 2-0 Manchester United
100%
2015 Barcelona 3-1 Juventus
100%
2011 Barcelona 3-1 Manchester United
100%
2020 Bayern Munich 1-0 PSG
100%
2013 Bayern Munich 2-1 Dortmund
100%
2021 Chelsea 1-0 Manchester City
100%
2012 Chelsea 1-1 Bayern Munich
100%
2010 Inter 2-0 Bayern Munich
100%
2019 Liverpool 2-0 Tottenham
100%
2005 Liverpool 3-3 Milan
100%
2023 Manchester City 1-0 Inter
100%
2008 Manchester United 1-1 Chelsea
100%
2007 Milan 2-1 Liverpool
100%
2025 PSG 5-0 Inter
100%
2022 Real Madrid 1-0 Liverpool
100%
2016 Real Madrid 1-1 Atletico Madrid
100%
2024 Real Madrid 2-0 Dortmund
100%
2018 Real Madrid 3-1 Liverpool
100%
2014 Real Madrid 4-1 Atletico Madrid
100%
2017 Real Madrid 4-1 Juventus
100%
2006 Barcelona 2-1 Arsenal
50%
2001 Bayern Munich 1-1 Valencia
50%
1985 Juventus 1-0 Liverpool
50%
1996 Juventus 1-1 Ajax
50%
1999 Manchester United 2-1 Bayern Munich
50%
2003 Milan 0-0 Juventus
50%
1994 Milan 4-0 Barcelona
50%
2004 Porto 3-0 Monaco
50%
1998 Real Madrid 1-0 Juventus
50%
2002 Real Madrid 2-1 Leverkusen
50%
1995 Ajax 1-0 Milan
0%
1982 Aston Villa 1-0 Bayern Munich
0%
1992 Barcelona 1-0 Sampdoria
0%
1997 Dortmund 3-1 Juventus
0%
1983 Hamburg 1-0 Juventus
0%
1981 Liverpool 1-0 Real Madrid
0%
1984 Liverpool 1-1 Roma
0%
1991 Marseille 0-0 Crvena Zvezda/Marseille 0-0 Red Star
0%
1993 Marseille 1-0 Milan
0%
1990 Milan 1-0 Benfica
0%
1989 Milan 4-0 Steaua Bucuresti
0%
1980 Nottingham Forest 1-0 Hamburg
0%
1987 Porto 2-1 Bayern Munich
0%
1988 PSV Eindhoven 0-0 Benfica
0%
2000 Real Madrid 3-0 Valencia
0%
1986 Steaua Bucuresti 0-0 Barcelona
0%
No matching quizzes found
Score Distribution
Percent of People with Each Score
Percentile by Number Answered
Your Score History
You have not taken this quiz